Biotecnología argentina.

Guardado en:
Formato: Deslizar
Series:Educable
Materias:
Etiquetas: Agregar Etiqueta
Sin Etiquetas, Sea el primero en etiquetar este registro!
LEADER 00920ngm a22002415g 4500
001 CEM.cems022880
008 130507b2008##################0###0#####d
005 20241125184748.0
245 0 0 |a Biotecnología argentina. 
300 |a 31'. 
490 0 |a Educable 
500 |a En soporte VHS, consultar en ventanilla. 
505 0 |a Inseminación artificial. Clonación de terneros. Granjas farmacéuticas. Clonación y prevención de enfermedades. La elaboración artificial de proteínas. Procesos biotecnológicos y controles de calidad. 
538 |a Soporte: VHS - Norma: Pal N - Color: Si - Grabación DRD 2008 - Hitachi=4210 
082 6 1 |/ ESQ 
653 |a ANATOMIA 
653 |a FISIOLOGIA 
653 |a BIOTECNOLOGIA 
653 |a INSEMINACION ARTIFICIAL 
653 |a CLONACION 
653 |a NIVEL PRIMARIO 
653 |a NIVEL SECUNDARIO 
859 |a CEMS  |b BIB. CEMS - Depto. Recursos Didacticos  |h 611  |i ESQ  |k DRD  |p 1523.12  |t Ej.1